00553nam a2200193 a 4500001001300000003000900013005001700022008004100039020001000080082001600090100001700106245009000123260004900213300001000262500003500272505001500307650002000322700001700342nice12345678IN_TiNIC20260116015138.0080404s1907 phia grp 000 0 eng  ac10000a296.09bWHI aWhiston, W M aThe Work of Josephusb Antiquities of the Jews and a Jhistory of the Jedwish Wars Etc aPhiladelphia bDavid Mckay Publishers c1907 a1055p aincludes index and biblioraphy2 aIndex, Ill aJudaism-History1 aWhiston, W M